| 000 | 01062cam a2200265 a 4500 | ||
|---|---|---|---|
| 001 | 15251129 | ||
| 005 | 20241112145558.0 | ||
| 008 | 080407s2008 enka b 001 0 eng | ||
| 020 | _a9780521690317 | ||
| 020 | _a0521690315 (pbk.) | ||
| 020 | _a9780521870122 (hbk.) | ||
| 020 | _a9780521690317 (pbk.) | ||
| 050 | 0 | 0 |
_aQA76.9.H85 _bR45 2008 |
| 082 | 0 | 0 |
_a004.01/9 _222 |
| 245 | 0 | 0 |
_aResearch methods for human-computer interaction / _cedited by Paul Cairns and Anna L. Cox. |
| 260 |
_aCambridge, UK ; _aNew York : _bCambridge University Press, _c2008. |
||
| 300 |
_axvi, 242 p. : _bill. ; _c26 cm. |
||
| 650 | 0 | _aHuman-computer interaction. | |
| 700 | 1 |
_aCairns, Paul, _d1971- |
|
| 700 | 1 |
_aCox, Anna L., _d1972- |
|
| 856 | 4 | 2 |
_3Contributor biographical information _uhttp://www.loc.gov/catdir/enhancements/fy0834/2008015935-b.html |
| 856 | 4 | 2 |
_3Publisher description _uhttp://www.loc.gov/catdir/enhancements/fy0834/2008015935-d.html |
| 856 | 4 | 1 |
_3Table of contents only _uhttp://www.loc.gov/catdir/enhancements/fy0834/2008015935-t.html |
| 942 |
_2lcc _cBK _n0 |
||
| 999 |
_c1073 _d1073 |
||